[Event "Pan American-ch U14 Girls"]
[Site "Montevideo"]
[Date "2022.06.27"]
[Round "2"]
[White "Villegas Ampuero, Consuelo"]
[Black "Costa, Maria"]
[Result "1-0"]
[WhiteElo "1333"]
[BlackElo "1234"]
[PlyCount "71"]
[EventDate "2022.06.26"]
[EventType "swiss"]
[EventRounds "9"]
[EventCountry "URU"]
[SourceTitle "EXT 2023"]
[Source "ChessBase"]
[SourceDate "2022.10.05"]
[SourceVersion "1"]
[SourceVersionDate "2022.10.05"]
[SourceQuality "1"]

1. c4 c5 2. Nc3 d6 3. g3 Nf6 4. Bg2 g6 5. Nf3 Nc6 6. d4 cxd4 7. Nxd4 Bd7 8. 0-0 Bg7 9. Rb1 0-0 10. Nxc6 Bxc6 11. Nd5 Rb8 12. Be3 Ra8 13. b4 e6 14. b5 exd5 15. bxc6 bxc6 16. cxd5 c5 17. Bg5 Rb8 18. Bxf6 Bxf6 19. Qa4 Qc7 20. Qc6 Rfc8 21. Qxc7 Rxc7 22. Rxb8+ Kg7 23. Rfb1 c4 24. R1b7 Rc5 25. Be4 Bc3 26. Rb5 Rc7 27. R8b7 Rc8 28. Rxa7 Bd2 29. Rd7 c3 30. Bc2 Rc5 31. Rxc5 dxc5 32. a4 Kf8 33. a5 Ke8 34. Rc7 Bg5 35. a6 Bd8 36. Rb7 1-0

[Event "Wch FIDE Online U12 Girls America qual"]
[Site "Tornelo INT"]
[Date "2020.12.04"]
[Round "7"]
[White "Salvato Leon, Ana Maria"]
[Black "Villegas Ampuero, Consuelo"]
[Result "1/2-1/2"]
[WhiteElo "1497"]
[BlackElo "1263"]
[PlyCount "77"]
[EventDate "2020.12.01"]
[EventType "swiss (rapid)"]
[EventRounds "7"]
[EventCountry "ISS"]
[SourceTitle "EXT 2022"]
[Source "ChessBase"]
[SourceDate "2021.10.06"]
[SourceVersion "1"]
[SourceVersionDate "2021.10.06"]
[SourceQuality "1"]

1. e4 c5 2. Nf3 e6 3. d4 cxd4 4. Qxd4 a6 5. Nc3 Nc6 6. Qd2 b5 7. Bd3 Bb7 8. b3 d6 9. Bb2 Nf6 10. 0-0-0 Be7 11. Kb1 Rc8 12. h4 Qb6 13. h5 Ng4 14. Rdf1 Nf6 15. Qg5 Rg8 16. Qd2 Nb4 17. e5 dxe5 18. Nh4 e4 19. Be2 Nbd5 20. Nxd5 Bxd5 21. Rh3 a5 22. Rc3 Rxc3 23. Qxc3 Kd7 24. f4 Rc8 25. Qd2 Bb4 26. Qd1 Ke8 27. h6 Ke7 28. hxg7 Bc3 29. Bxc3 Rxc3 30. f5 a4 31. fxe6 axb3 32. axb3 Qd8 33. Nf5+ Kxe6 34. Nh6 Rg3 35. Rxf6+ Qxf6 36. g8Q Rxg8 37. Nxg8 Qg7 38. Bxb5 Qxg8 39. Qe2 1/2-1/2

[Event "Wch FIDE Online U12 Girls America qual"]
[Site "Tornelo INT"]
[Date "2020.12.01"]
[Round "1"]
[White "Villegas Ampuero, Consuelo"]
[Black "Mou, Iris Zhaoying"]
[Result "0-1"]
[WhiteElo "1263"]
[BlackElo "1828"]
[PlyCount "96"]
[EventDate "2020.12.01"]
[EventType "swiss (rapid)"]
[EventRounds "7"]
[EventCountry "ISS"]
[SourceTitle "EXT 2022"]
[Source "ChessBase"]
[SourceDate "2021.10.06"]
[SourceVersion "1"]
[SourceVersionDate "2021.10.06"]
[SourceQuality "1"]

1. c4 e5 2. Nc3 Nf6 3. g3 c6 4. Bg2 d5 5. cxd5 cxd5 6. d4 e4 7. Bg5 Be7 8. Qb3 Nc6 9. e3 Be6 10. Qxb7 Nb4 11. Qb5+ Bd7 12. Qe2 Nd3+ 13. Kf1 Rb8 14. Rb1 Bc6 15. Nh3 Bb4 16. Qc2 Rc8 17. Nf4 Bxc3 18. bxc3 Nxf4 19. Bxf4 0-0 20. Bh3 Ra8 21. Bg5 h6 22. Bxf6 Qxf6 23. Kg2 Qf3+ 24. Kg1 Rab8 25. Bg2 Qf6 26. h3 Qd6 27. Kh2 h5 28. Rxb8 Rxb8 29. Rb1 Bb5 30. a4 Bd3 31. Rxb8+ Qxb8 32. Qa2 Bc4 33. Qa3 a5 34. Qa1 Qb3 35. Kg1 Bd3 36. Bf1 Bc2 37. Bb5 Bd3 38. Kg2 Bxb5 39. axb5 Qxb5 40. Qa3 a4 41. Kh2 Qb3 42. Qc5 Qc4 43. Qa7 Qa2 44. Qa8+ Kh7 45. Kg2 a3 46. Qa5 Qb3 47. Qa6 a2 48. Qa5 Qb1 0-1

[Event "Santiago (Women) op"]
[Site "Santiago de Chile"]
[Date "2018.11.25"]
[Round "4.5"]
[White "Varela Varas, Patricia"]
[Black "Villegas Ampuero, Consuelo"]
[Result "1-0"]
[WhiteElo "1548"]
[BlackElo "1167"]
[PlyCount "59"]
[EventDate "2018.11.24"]
[EventType "swiss"]
[EventRounds "6"]
[EventCountry "CHI"]
[SourceTitle "EXT 2024"]
[Source "ChessBase"]
[SourceDate "2023.10.10"]
[SourceVersion "1"]
[SourceVersionDate "2023.10.10"]
[SourceQuality "1"]

1. e4 e5 2. d4 exd4 3. Qxd4 Nc6 4. Qe3 Nf6 5. Nc3 Bb4 6. Bd2 Qe7 7. 0-0-0 0-0 8. Bd3 d6 9. h3 Bc5 10. Qe1 Bb4 11. f4 Re8 12. Qg3 Nh5 13. Qf3 Nf6 14. Re1 Bc5 15. g4 h6 16. Qg2 Nh7 17. Nd5 Qd8 18. Nf3 Ne7 19. Nc3 Nc6 20. f5 Nd4 21. Ng1 Qd7 22. h4 g5 23. hxg5 hxg5 24. Bc4 Kg7 25. Qh3 Rh8 26. Qh6+ Kg8 27. Bxg5 Ne6 28. Bf6 Qe8 29. fxe6 Be3+ 30. Rxe3 1-0

[Event "Santiago (Women) op"]
[Site "Santiago de Chile"]
[Date "2018.11.24"]
[Round "2.4"]
[White "Gonzalez Delgadillo, Mackarena"]
[Black "Villegas Ampuero, Consuelo"]
[Result "1-0"]
[WhiteElo "1598"]
[BlackElo "1167"]
[PlyCount "77"]
[EventDate "2018.11.24"]
[EventType "swiss"]
[EventRounds "6"]
[EventCountry "CHI"]
[SourceTitle "EXT 2024"]
[Source "ChessBase"]
[SourceDate "2023.10.10"]
[SourceVersion "1"]
[SourceVersionDate "2023.10.10"]
[SourceQuality "1"]

1. d4 d5 2. c4 dxc4 3. Nc3 Nf6 4. e4 e5 5. dxe5 Qxd1+ 6. Kxd1 Ng4 7. Nd5 Na6 8. Bxc4 Nxf2+ 9. Ke2 Nxh1 10. Bxa6 bxa6 11. Nxc7+ Ke7 12. Nxa8 Bb7 13. Bg5+ Kd7 14. Rd1+ Kc6 15. Rc1+ Kd7 16. Rc7+ Ke6 17. Rxb7 Kxe5 18. Rb8 f6 19. Nf3+ Ke6 20. Bd2 Nf2 21. Nd4+ Ke5 22. Kxf2 Kxd4 23. Bb4 Bxb4 24. Rxh8 Bc5 25. Rxh7 Kxe4+ 26. Ke2 g6 27. b4 Bxb4 28. Rh4+ Ke5 29. Rxb4 a5 30. Rb5+ Ke6 31. Rxa5 Kf7 32. Ke3 Kg7 33. Rxa7+ Kh6 34. Kf4 f5 35. h3 g5+ 36. Kxf5 g4 37. h4 g3 38. Rb7 Kh5 39. Rh7# 1-0

[Event "Vina del Mar U2000 2nd"]
[Site "Vina del Mar"]
[Date "2018.06.16"]
[Round "3.8"]
[White "Villegas Ampuero, Consuelo"]
[Black "Fredes Retamal, Matias"]
[Result "1-0"]
[WhiteElo "1154"]
[BlackElo "1132"]
[PlyCount "123"]
[EventDate "2018.06.15"]
[EventType "swiss"]
[EventRounds "5"]
[EventCountry "CHI"]
[SourceTitle "EXT 2024"]
[Source "ChessBase"]
[SourceDate "2023.10.10"]
[SourceVersion "1"]
[SourceVersionDate "2023.10.10"]
[SourceQuality "1"]

1. e4 e5 2. Nf3 Nc6 3. Bc4 Bc5 4. 0-0 d6 5. h3 Qe7 6. Re1 Be6 7. Bb3 Bxb3 8. axb3 Nf6 9. Nc3 0-0 10. d3 Rfe8 11. Be3 Bxe3 12. Rxe3 Qd7 13. Re1 d5 14. exd5 Nxd5 15. Nxd5 Qxd5 16. c4 Qd6 17. Qd2 Nd4 18. Nxd4 Qxd4 19. Rad1 Rad8 20. Qc3 b6 21. Qxd4 Rxd4 22. Re4 Rxe4 23. dxe4 Kf8 24. Rd7 Rc8 25. g3 Ke8 26. Rd1 Ke7 27. f4 Ke6 28. Kf2 g6 29. Rd5 f6 30. Kf3 c6 31. Rd1 f5 32. exf5+ Kxf5 33. g4+ Ke6 34. Re1 Rd8 35. Rxe5+ Kf6 36. g5+ Kf7 37. Ke3 c5 38. Rd5 Rxd5 39. cxd5 Ke7 40. Ke4 Kd6 41. f5 gxf5+ 42. Kxf5 Kxd5 43. Kf6 Ke4 44. h4 Kf4 45. Kg7 Kg4 46. Kxh7 Kxh4 47. g6 Kg5 48. g7 Kf6 49. g8Q Ke5 50. Qa8 Kd4 51. Qxa7 b5 52. b4 Kc4 53. Qxc5+ Kb3 54. Qxb5 Ka2 55. Qd3 Kxb2 56. Kg6 Kc1 57. Qe2 Kb1 58. Kf5 Ka1 59. Ke4 Kb1 60. Kd3 Ka1 61. Kc3 Kb1 62. Qb2# 1-0

[Event "Quilpue U1600"]
[Site "Quilpue"]
[Date "2018.05.20"]
[Round "4.1"]
[White "Gormaz Tapia, Ignacio"]
[Black "Villegas Ampuero, Consuelo"]
[Result "1-0"]
[WhiteElo "1549"]
[BlackElo "1088"]
[PlyCount "133"]
[EventDate "2018.05.19"]
[EventType "swiss"]
[EventRounds "6"]
[EventCountry "CHI"]
[SourceTitle "EXT 2024"]
[Source "ChessBase"]
[SourceDate "2023.10.10"]
[SourceVersion "1"]
[SourceVersionDate "2023.10.10"]
[SourceQuality "1"]

1. d4 d5 2. Bf4 Nf6 3. e3 Nc6 4. Nf3 e6 5. c3 Bd6 6. Bg3 0-0 7. Qc2 Bxg3 8. hxg3 g6 9. Nbd2 Re8 10. Ne5 Qd6 11. f4 Bd7 12. Qd1 Ne7 13. g4 Bc6 14. Qf3 Ne4 15. g5 Nf5 16. Qh3 Kf8 17. Qxh7 Ke7 18. Qxf7+ Kd8 19. Qxf5 exf5 20. Nf7+ Kd7 21. Nxd6 Kxd6 22. Nxe4+ Rxe4 23. Kf2 Re6 24. Bd3 Rae8 25. Rae1 R8e7 26. Rh6 Be8 27. Bc2 c6 28. Bd1 Rg7 29. g4 b5 30. gxf5 gxf5 31. Rxe6+ Kxe6 32. Rh1 Bg6 33. Rh6 Kf7 34. Bh5 Bxh5 35. Rxh5 Rg6 36. Rh7+ Rg7 37. Rxg7+ Kxg7 38. Ke2 Kg6 39. Kd3 Kh5 40. b3 a6 41. a3 Kg6 42. c4 a5 43. Kc3 Kh5 44. cxb5 cxb5 45. a4 b4+ 46. Kd2 Kg6 47. Ke2 Kh5 48. Kf2 Kg6 49. Kg3 Kh5 50. Kh3 Kg6 51. Kh4 Kh7 52. Kh5 Kg7 53. g6 Kg8 54. Kg5 Kg7 55. Kxf5 Kg8 56. Ke5 Kg7 57. f5 Kf8 58. f6 Kg8 59. Ke6 Kf8 60. g7+ Kg8 61. f7+ Kxg7 62. Ke7 Kg6 63. f8Q Kg5 64. Qf4+ Kg6 65. Ke6 Kh7 66. Qg5 Kh8 67. Kf7 1-0

[Event "Quilpue U1600"]
[Site "Quilpue"]
[Date "2018.05.20"]
[Round "3.2"]
[White "Pena Diaz, Christian"]
[Black "Villegas Ampuero, Consuelo"]
[Result "0-1"]
[WhiteElo "1480"]
[BlackElo "1088"]
[PlyCount "68"]
[EventDate "2018.05.19"]
[EventType "swiss"]
[EventRounds "6"]
[EventCountry "CHI"]
[SourceTitle "EXT 2024"]
[Source "ChessBase"]
[SourceDate "2023.10.10"]
[SourceVersion "1"]
[SourceVersionDate "2023.10.10"]
[SourceQuality "1"]

1. c4 e5 2. Nc3 Nf6 3. g3 Bb4 4. Qb3 Bxc3 5. Qxc3 Nc6 6. d3 h6 7. Bg2 d6 8. Nf3 0-0 9. 0-0 Re8 10. Nd2 d5 11. cxd5 Nxd5 12. Qb3 Nf6 13. Ne4 Nxe4 14. Bxe4 Qf6 15. e3 Rb8 16. Bd2 Bh3 17. Rfc1 Re6 18. Rc4 Rd6 19. Rac1 Be6 20. Qa4 Bxc4 21. Qxc4 Qe6 22. Qa4 a6 23. a3 f5 24. Bg2 e4 25. d4 Qd7 26. Bf1 Ne7 27. Qb3+ Kf8 28. Bb4 Rb6 29. Qd1 Rc6 30. Qh5 Rxc1 31. Kg2 Rxf1 32. Kxf1 Kg8 33. Bc3 Qe8 34. Qe2 Qb5 0-1

[Event "CHI-ch qual Quilpue"]
[Site "Quilpue"]
[Date "2017.12.09"]
[Round "1.1"]
[White "Alterman Silva, Felix"]
[Black "Villegas Ampuero, Consuelo"]
[Result "1-0"]
[WhiteElo "1907"]
[BlackElo "1047"]
[PlyCount "59"]
[EventDate "2017.12.09"]
[EventType "swiss"]
[EventRounds "6"]
[EventCountry "CHI"]
[SourceTitle "EXT 2024"]
[Source "ChessBase"]
[SourceDate "2023.10.10"]
[SourceVersion "1"]
[SourceVersionDate "2023.10.10"]
[SourceQuality "1"]

1. e4 e5 2. c3 Nf6 3. f3 Bc5 4. d4 Bd6 5. Bc4 c5 6. Ne2 Qb6 7. dxe5 Bxe5 8. Nd2 0-0 9. Nf1 h6 10. Nfg3 Qd6 11. Qc2 Nc6 12. Be3 Bxg3+ 13. Nxg3 b6 14. Rd1 Qe7 15. Nf5 Qe5 16. Nd6 a6 17. 0-0 b5 18. Be2 b4 19. f4 Qe7 20. Bxc5 Rd8 21. Bc4 bxc3 22. bxc3 Rb8 23. e5 Nh7 24. Bxf7+ Kh8 25. Bc4 a5 26. Nf7+ Qxf7 27. Bxf7 Rf8 28. Bg6 Kg8 29. Bxh7+ Kf7 30. Qg6# 1-0

[Event "Vina del Mar Cepa U2000 4th"]
[Site "Vina del Mar"]
[Date "2017.07.22"]
[Round "4.5"]
[White "Ulloa Perez, Roberto"]
[Black "Villegas Ampuero, Consuelo"]
[Result "1-0"]
[WhiteElo "1800"]
[BlackElo "1087"]
[PlyCount "89"]
[EventDate "2017.07.21"]
[EventType "swiss"]
[EventRounds "5"]
[EventCountry "CHI"]
[SourceTitle "EXT 2024"]
[Source "ChessBase"]
[SourceDate "2023.10.10"]
[SourceVersion "1"]
[SourceVersionDate "2023.10.10"]
[SourceQuality "1"]

1. c4 e5 2. b3 Nf6 3. Bb2 Nc6 4. e3 Bc5 5. Nc3 d5 6. cxd5 Nxd5 7. Nf3 Nxc3 8. dxc3 Qxd1+ 9. Rxd1 0-0 10. Bb5 f6 11. h3 Bf5 12. Ke2 Rad8 13. Nh4 Rxd1 14. Rxd1 Be6 15. e4 g5 16. Nf5 Bxf5 17. exf5 Kg7 18. Rd5 Bd6 19. Bxc6 bxc6 20. Ra5 Rb8 21. Rxa7 Rb5 22. c4 Rb8 23. c5 Bxc5 24. Rxc7+ Kh6 25. Rxc6 Bd4 26. Bxd4 exd4 27. Rxf6+ Kg7 28. Rd6 Re8+ 29. Kd2 Re4 30. f3 Rf4 31. Rd5 Kf6 32. Kd3 Rxf5 33. Rxf5+ Kxf5 34. Kxd4 Kf4 35. a4 Kg3 36. a5 Kxg2 37. a6 Kxf3 38. a7 Kg3 39. a8Q Kxh3 40. Ke3 g4 41. Qh1+ Kg3 42. Qg1+ Kh4 43. Kf4 Kh5 44. Qxg4+ Kh6 45. Qg5# 1-0

[Event "Vina del Mar Cepa U2000 4th"]
[Site "Vina del Mar"]
[Date "2017.07.21"]
[Round "1.4"]
[White "Villegas Ampuero, Consuelo"]
[Black "Ojeda Meneses, Pablo"]
[Result "0-1"]
[WhiteElo "1087"]
[BlackElo "1852"]
[PlyCount "28"]
[EventDate "2017.07.21"]
[EventType "swiss"]
[EventRounds "5"]
[EventCountry "CHI"]
[SourceTitle "EXT 2024"]
[Source "ChessBase"]
[SourceDate "2023.10.10"]
[SourceVersion "1"]
[SourceVersionDate "2023.10.10"]
[SourceQuality "1"]

1. e4 e5 2. Nf3 Nc6 3. Bc4 Nf6 4. Nc3 Bb4 5. Nd5 Nxe4 6. Nxb4 Nxb4 7. Nxe5 d5 8. Bb3 Qf6 9. Nf3 0-0 10. d3 Nc3 11. Qd2 Re8+ 12. Kf1 Bh3 13. gxh3 Qxf3 14. Rg1 Re2 0-1